| 000 | 00578nam a2200229 a 4500 | ||
|---|---|---|---|
| 001 | nice12345678 | ||
| 003 | IN_TiNIC | ||
| 005 | 20260116013124.0 | ||
| 008 | 050524s1996 newa grp 000 0 eng | ||
| 020 |
_a _c425 |
||
| 082 | 0 | 0 |
_a155.2842 _bMIS |
| 100 | _aMisra, Rajendra | ||
| 245 |
_aRorschach Test _b Theory and Practice |
||
| 260 |
_aNew Delhi _bSage Publications _c1996 |
||
| 300 | _a290p | ||
| 500 | _aincludes index and biblioraphy | ||
| 505 | 2 | _aAppendix, Index, References | |
| 650 | _aRorschach Test | ||
| 902 | _bSRS | ||
| 942 | _cBK | ||
| 999 |
_c9746 _d9746 |
||